LEADER 01164cam a2200205 i 4500
020 |a 9780199679492 (hbk.) 
082 |a 342.560 85  |b Q3 
100 1 |a Castellino, Joshua.  |9 28249 
245 1 0 |a Minority rights in the Middle East/  |c Joshua Castellino and Kathleen A Cavanaugh. 
260 |a Oxford:  |b Oxford University Press,  |c 2013. 
300 |a xix, 430 p. 
504 |a Includes bibliographical references (pages [383]-416) and index. 
650 0 |a Minorities-Civil rights-Middle East.  |9 28250 
650 0 |a Human rights-Middle East.  |9 28251 
650 0 |a Minorities-Legal status, laws, etc.-Middle East.  |9 28252 
700 1 |a Cavanaugh, Kathleen A.  |9 28253 
856 |u https://books.google.co.in/books?id=qTlpAgAAQBAJ&pg=PA51&lpg=PA51&dq=minority+rights+in+the+middle+east&source=bl&ots=VpQkwAfEGB&sig=_BtmXGzfcVX2aA53c2Y2baeiIdU&hl=en&sa=X&sqi=2&ved=0ahUKEwi7wsGA4KPLAhXMHo4KHfNVAtQQ6AEITjAH#v=onepage&q=minority%20rights%20in%20the%20middle%20east&f=false 
942 |c BK 
999 |c 64484  |d 64484 
952 |0 0  |1 0  |4 0  |6 342_560000000000000_85_Q3  |7 0  |9 56394  |a MGUL  |b MGUL  |c GEN  |d 2015-01-09  |e Current Books Bill No 896 dated 26.12.2014  |g 7622.00  |l 0  |o 342.560 85 Q3  |p 52466  |r 2015-06-01  |y BK